00226nam a2200097Ia 4500008004100000041001200041082000800053245004900061260000900110650000900119221030s9999 xx 000 0 und d aEnglish bMBA 0aFinancial Management - Theory & PracticebCD c2016 aBook